000 00822nam a2200229Ia 4500
008 130821s1997 sp gr spa
020 _a843224774X
040 _aCo-BoUCM
_bspa
041 0 0 _aspa
100 1 _aRomilly, Jacqueline de
_d1913-
_9163965
245 1 4 _aLos grandes sofistas en la Atenas de Pericles
_cJacqueline de Romilly ;traducción de Pilar Giralt Gorina
260 _aBarcelona (España)
_bEditorial Seix Barral
_c1997
300 _a251 páginas
504 _aIncluye bibliografía.
650 0 4 _aFilosofía griega
_915815
650 0 4 _aFilosofía
_975
650 0 4 _aSofistas (Filosofía)
_924826
700 1 _aGiralt Gorina, Pilar
_etrad.
_9145234
765 4 _aLes grands sophistes dans láthenes de pericles
942 _cLIBRO
_a2
_e1
_mR765g
_2DEWEY
_h183.1
999 _c54909
_d54909